00334nam a2200121Ia 4500008004100000100002800041245005100069260004000120300000900160650001900169942000700188999001700195190216s9999||||xx |||||||||||||| ||und|| aJoannis Milton Effigies 0aPoetry And Prose With Johnson Hazlitt Macaulay bOxford At The Clarendon Pressc1962 a223p aEnglish Poetry cBK c11975d11975